logo

Bir Sreshtho Munshi Abdur Rouf Library
Jhenaidah Cadet College

বাংলা সাহিত্যের ইতিহাস : (Record no. 1973)

MARC details
000 -LEADER
fixed length control field 00822nam a2200241 a 4500
001 - CONTROL NUMBER
JCCL Control Number 1973
003 - CONTROL NUMBER IDENTIFIER
JCCL marc code BD-JhCC
005 - DATE AND TIME OF LATEST TRANSACTION
control field 20171030114715.0
008 - FIXED-LENGTH DATA ELEMENTS--GENERAL INFORMATION
fixed length control field 171026s1383 bg |||| ||a| 000 0 ben d
020 ## - INTERNATIONAL STANDARD BOOK NUMBER
International Standard Book Number 9844080509
035 ## - SYSTEM CONTROL NUMBER
system control number (BD-JhCC)1973
040 ## - CATALOGING SOURCE
Original cataloging agency BD-JhCC
Modifying agency BD-JhCC
041 ## - LANGUAGE CODE
Language code of Book ben
082 ## - DEWEY DECIMAL CLASSIFICATION NUMBER
Classification number 891.4409
Author mark and Year ALA 1383
100 ## - MAIN ENTRY--PERSONAL NAME
Personal name আলম, মাহবুবুল
245 ## - TITLE STATEMENT
Title বাংলা সাহিত্যের ইতিহাস :
Remainder of title প্রাচীন মধ্য ও আধুনিক যুগ /
Statement of responsibility, etc মাহবুবুল আলম
250 ## - EDITION STATEMENT
Edition statement 12th ed.
260 ## - PUBLICATION, DISTRIBUTION, ETC. (IMPRINT)
Place of publication, distribution, etc ঢাকা :
Name of publisher, distributor, etc খান ব্রাদার্স এ্যান্ড কোম্পানি,
Date of publication, distribution, etc 1383.
300 ## - PHYSICAL DESCRIPTION
Pagination 510 p. :
Dimensions 21 cm.
650 ## - SUBJECT ADDED ENTRY--TOPICAL TERM
Topical term or geographic name as entry element Bengali Literature
942 ## - ADDED ENTRY ELEMENTS (KOHA)
Source of classification or shelving scheme Dewey Decimal Classification
Koha item type Books
Holdings
Source of classification or shelving scheme Damaged status Not for loan Home library Current library Shelving location Date of accession Cost, normal purchase price Total Checkouts Full call number Barcode Date last seen Date checked out Copy number Koha item type
Dewey Decimal Classification     JCC Rouf Library JCC Rouf Library General Stacks 10/26/2017 30.00 2 891.4409 ALA 1383 3217 10/24/2024 10/24/2024 C-1 Books
Dewey Decimal Classification     JCC Rouf Library JCC Rouf Library General Stacks 10/29/2017 350.00   891.4409 ALA 1383 2409 10/29/2017   C-2 Books
Dewey Decimal Classification     JCC Rouf Library JCC Rouf Library General Stacks 10/29/2017 350.00   891.4409 ALA 1383 2408 10/29/2017   C-3 Books
Dewey Decimal Classification     JCC Rouf Library JCC Rouf Library General Stacks 10/29/2017 350.00   891.4409 ALA 1383 2410 10/29/2017   C-4 Books

JCC Library | Contacts | JCC Home

Last Update on 23 September 2017
Copyright @ 2017-2020 JCC Rouf Library
Rouf Library, Jhenidah Cadet College (JCC), Bangladesh